Joueurs brésiliens ayant joué à l'Inter Milan - Statistiques

Statistiques générales
  • Ce quiz a été pris 38 fois
  • Le résultat moyen est 7 sur 41
Statistiques - réponses
Année d'arrivée Année de départ Club précédant Club suivant Nombre de match Joueurs % Correct
2025 En cours Olympique de Marseille En cours 42 Luis Henrique
86%
1997 2002 FC Barcelone Real Madrid 99 Ronaldo
76%
2004 2009 Parma Calcio 1913 CR Flamengo 163 Adriano
73%
2001 2002 CR Flamengo Parma Calcio 1913 14 Adriano
73%
2006 2012 AS Monaco Manchester City 248 Maicon
54%
2005 2012 CR Flamengo Queens Park Rangers 300 Júlio César
46%
2006 2006 Lazio Rome Bologne FC 36 César
35%
2009 2012 Bayern Munich Juventus Turin 136 Lúcio
32%
2017 2023 OGC Nice SC Internacional 26 Dalbert
30%
2008 2013 CR Vasco de Gama U17 FC Liverpool 47 Philippe Coutinho
30%
2015 2017 Galatasaray SK SE Palmeiras 38 Felipe Melo
27%
1995 1996 SE Palmeiras Real Madrid 34 Roberto Carlos
27%
2023 En cours AC Monza En cours 138 Carlos Augusto
22%
2006 2009 Ajax Amsterdam FC Barcelone 105 Maxwell
19%
2015 2019 Atlético de Madrid Jiangsu Suning 121 Miranda
19%
2018 2018 FC Barcelone FC Barcelone 17 Rafinha
16%
2012 2016 SC Internacional AS Roma 142 Juan Jesus
11%
2015 2015 Parma Calcio 1913 Udinese Calcio 4 Felipe
8%
2016 2020 Santos FC CR Flamengo 10 Gabriel
8%
2014 2015 Lazio Rome Juventus Turin 52 Hernanes
5%
1999 1999 Cruzeiro EC CR Vasco de Gama 3 Gilberto
3%
1968 1972 AS Roma Santos FC 109 Jair
3%
1962 1967 Portuguesa AS Roma 154 Jair
3%
2000 2001 SC Corinthans Paris Saint-Germain 8 Vampeta
3%
2015 2016 Galatasaray SK Galatasaray SK 22 Alex Telles
0%
1995 1996 FC São Paulo SSC Napoli 8 Caio Ribeiro
0%
2014 2017 AS Roma UC Sampdoria 29 Dodô
0%
1999 2000 Madureira EC Madureira EC 0 Edinho
0%
2019 2024 Parma Calcio 1913 Santos FC 0 Gabriel Brazão
0%
2015 2018 CR Vasco de Gama U17 Sans club 0 Ítalo
0%
2011 2015 Santos FC Fluminense FC 66 Jonathan
0%
1982 1983 US Avellino 1912 Ascoli Calcio 36 Juary
0%
2009 2012 Chievo Vérone Fujieda MYFC 0 Kerlon
0%
2003 2003 Chievo Vérone Chievo Vérone 7 Luciano
0%
1966 1967 LR Vicenza LR Vicenza 9 Luís Vinício
0%
2008 2010 AS Roma AC Milan 36 Mancini
0%
2006 2010 FC São Paulo Chievo Vérone 0 Rincón
0%
1999 2001 Comercial FC SC Corinthans 0 Tiago Maringá
0%
2013 2014 Chelsea FC Chelsea FC 4 Wallace
0%
1997 1999 Bayer 04 Leverkusen FC Bologne 53 Zé Elias
0%
2004 2006 AC Pérouse Levant UD 49 Zé Maria
0%
Aucun quiz correspondant
Distribution des résultats
% des personnes avec chaque résultat
Percentile par nombre de réponses
Votre historique - résultats
Vous n’avez pas pris ce quiz